000 00432nam a2200193Ia 4500
008 210210b1893 xxu||||| |||| 00| 0 eng d
041 _aeng
082 _a828/383
100 _aLOCKHART (J G)
245 _aLife of Sir Walter Scott
260 _aLondon
_bAdam and Charles Black
_c1893
650 _aWalter
650 _aSir
650 _aScott
650 _aof
650 _aLife
690 _aBiography
906 _a016228
999 _c135649
_d135649